The Ethical Concerns of Classical Sufism

Islamic mysticism has its roots in the primordial covenant relationship described in Qur'ān 7: 172. The earliest phase of Sufism, the ascetical tradition, focuses on the presence of evil within man and the world. The later development of the science of opposites by ecstatic mystics results in a...

Full description

Saved in:  
Bibliographic Details
Main Author: Awn, Peter J. (Author)
Format: Electronic Article
Language:English
Check availability: HBZ Gateway
Interlibrary Loan:Interlibrary Loan for the Fachinformationsdienste (Specialized Information Services in Germany)
Published: 1983
In: Journal of religious ethics
Year: 1983, Volume: 11, Issue: 2, Pages: 240-263
Online Access: Volltext (lizenzpflichtig)
Parallel Edition:Non-electronic

MARC

LEADER 00000naa a22000002c 4500
001 1822380200
003 DE-627
005 20221115052616.0
007 cr uuu---uuuuu
008 221115s1983 xx |||||o 00| ||eng c
035 |a (DE-627)1822380200 
035 |a (DE-599)KXP1822380200 
040 |a DE-627  |b ger  |c DE-627  |e rda 
041 |a eng 
084 |a 0  |2 ssgn 
100 1 |a Awn, Peter J.  |e VerfasserIn  |4 aut 
245 1 4 |a The Ethical Concerns of Classical Sufism 
264 1 |c 1983 
336 |a Text  |b txt  |2 rdacontent 
337 |a Computermedien  |b c  |2 rdamedia 
338 |a Online-Ressource  |b cr  |2 rdacarrier 
520 |a Islamic mysticism has its roots in the primordial covenant relationship described in Qur'ān 7: 172. The earliest phase of Sufism, the ascetical tradition, focuses on the presence of evil within man and the world. The later development of the science of opposites by ecstatic mystics results in an elitist ethical system whose ground is the mystical relationship, not the sharī'ah. The seeds of this development can be found in the classical Ash'arite synthesis. Finally, Ibn Arabī's relentlessly deterministic elaboration of waḥdat al-wujūd, the unity of Being, reduces man's individual moral choice to an illusion, except insofar as man realizes himself to be one with God. 
773 0 8 |i Enthalten in  |t Journal of religious ethics  |d Oxford : Wiley-Blackwell, 1973  |g 11(1983), 2, Seite 240-263  |h Online-Ressource  |w (DE-627)320450171  |w (DE-600)2005952-8  |w (DE-576)090888812  |x 1467-9795  |7 nnas 
773 1 8 |g volume:11  |g year:1983  |g number:2  |g pages:240-263 
776 |i Erscheint auch als  |n Druckausgabe  |w (DE-627)1643286854  |k Non-Electronic 
856 4 0 |u https://www.jstor.org/stable/40017708  |x Verlag  |z lizenzpflichtig  |3 Volltext  |7 1 
935 |a mteo 
951 |a AR 
ELC |a 1 
ITA |a 1  |t 1 
LOK |0 000 xxxxxcx a22 zn 4500 
LOK |0 001 4211023586 
LOK |0 003 DE-627 
LOK |0 004 1822380200 
LOK |0 005 20221115052616 
LOK |0 008 221115||||||||||||||||ger||||||| 
LOK |0 035   |a (DE-Tue135)IxTheo#2022-10-04#6F98259D0705A6AC0CDC8D72CDD18E1B4FAC18BC 
LOK |0 040   |a DE-Tue135  |c DE-627  |d DE-Tue135 
LOK |0 092   |o n 
LOK |0 852   |a DE-Tue135 
LOK |0 852 1  |9 00 
LOK |0 935   |a ixzs  |a ixrk  |a zota 
LOK |0 939   |a 15-11-22  |b l01 
ORI |a SA-MARC-ixtheoa001.raw 
REL |a 1 
SUB |a REL